Normal view
MARC view
- Nobile, Umberto,
Entry Nombre Personal
001 - NUMERO DE CONTROL
- campo de control: 43971
003 - IDENTIFICADOR DE NUMERO DE CONTROL
- campo de control: UPN
005 - FECHA Y HORA DE LA ÜLTIMA TRANSACCIÓN
- campo de control: 20220311120501.0
008 - DATOS DE LONGITUD FIJA
- campo de control de longitud fija: 220311|| aca||aabn | aaa d
040 ## - FUENTE DE CATALOGACIÓN
- Agencia original de catalogación: UPN
100 1# - ENCABEZAMIENTO - NOMBRE PERSONAL
- Nombre personal: Nobile, Umberto,
- Fechas asociadas con el nombre: 1885-1978
670 ## - FUENTE EN LA QUE SE LOCALIZARON DATOS
- Cita de la fuente: LC
902 ## - CATALOGADOR
- Catalogador: CAA/110322
